1006 1363 1774 1595 1768 1227 1776 1887 1522 1948 1579 1686 1014 1163 1195 1553 1711 1132 1839 1758 1141 1729 1489 1669 1508 1314 1907 1947 1271 1269 1816 1668 1739 1009 1529 1184 1752 1588 1529 1253 1873 1123 1566 1700 1180 1303 1792 1522 1772 1107 1299 1971 1205 1292 1815 1771 1111 1465 1966 1514 1134 1142 1788 1457 1196 1860 1857 1546 1389 1796 1382 1890 1462 1171 1520 1574 1501 1581 1381 1848 1602 1071 1538 1521 1455 1130 1884 1331 1375 1775 1187 1550 1065 1978 1168 1022 1533 1229 1712 BCNSPRNW ULIB Ver.6.0+V

เปลี่ยนเป็นภาษาไทย

Change to English
 แสดงรายละเอียดบรรณานุกรม
  กลับหน้าหลัก

Brief Record : Get Marc (ISO 2709) : E-mail record : QR code < ปิดหน้าต่าง
LEADER : 00000nam 2200000uu 4500
001    13399126545
003     ULIB
008    181019s2018||||th 000 0 tha d
020    ^a9781118665411
060    ^aWA590^bN684Q
100    ^aNigel Bruce, Daniel Pope, Debbi Stanistreet
245    ^aQuantitative Methods for Health Research: A Practical Interactive Guide to Epidemiology and Statistics
250    ^a2nd ed
260    ^aUSA :^bJohn Wiley&Sons,^c2018
300    ^a545 pages;^b26 cm
650    ^aEpidemiologic Methods
650    ^aBiometry-methods
650    ^aBiomedical Research authors-methods
945    ^p0^l0^i26813
999    ^aกัณชพร จุลอักษร
รายการนี้ยังไม่มีแท็ก
คุณยังไม่ได้ล็อกอิน คุณสามารถมีกิจกรรมร่วมกับเว็บไซต์ได้ แต่ต้องล็อกอินก่อน ::
  ล็อกอิน

รายการสื่อสารสนเทศ

ลำดับที่ ประเภท เลขเรียก/บาร์โค้ด สถานที่ สถานะ
1. วิทยาศาสตร์การแพทย์ และสุขภาพ
วิทยาศาสตร์การแพทย์ และสุขภาพ
WA590 N684Q ฉ.1 
  Barcode: 26813
ห้องสมุดวิทยาเขตนครสวรรค์
►หนังสือทั่วไป:l:General Books
บนชั้น

รายการใกล้เคียง
    ชื่อเรื่อง [Quantitative Methods for Health Research: A Practical Interactive Guide to Epidemiology and Statistics]

    ผู้แต่ง [Nigel Bruce, Daniel Pope, Debbi Stanistreet]

    หัวเรื่อง [Epidemiologic Methods]
    หัวเรื่อง [Biometry-methods]
    หัวเรื่อง [Biomedical Research authors-methods]

BibComment


ยังไม่เคยถูกคอมเมนท์

คอมเมนท์ทรัพยากรรายการนี้
  คอมเมนท์: Quantitative Met..


 Copyright 2026. Bcnsprnw @Library